Analytic number theory / (Record no. 29836)
[ view plain ]
| 000 -LEADER | |
|---|---|
| fixed length control field | 00732 a2200193 4500 |
| 020 ## - INTERNATIONAL STANDARD BOOK NUMBER | |
| International Standard Book Number | 0821836331 |
| 020 ## - INTERNATIONAL STANDARD BOOK NUMBER | |
| International Standard Book Number | 9780821836330 |
| 082 ## - DEWEY DECIMAL CLASSIFICATION NUMBER | |
| Classification number | 512.7 |
| 090 ## - LOCALLY ASSIGNED LC-TYPE CALL NUMBER (OCLC); LOCAL CALL NUMBER (RLIN) | |
| -- | 1223 |
| -- | 1223 |
| 100 1# - MAIN ENTRY--PERSONAL NAME | |
| Personal name | Iwaniec, Henryk. |
| 245 10 - TITLE STATEMENT | |
| Title | Analytic number theory / |
| Statement of responsibility, etc. | Henryk Iwaniec, Emmanuel Kowalski. |
| 260 ## - PUBLICATION, DISTRIBUTION, ETC. | |
| Place of publication, distribution, etc. | [S.l.] : |
| Name of publisher, distributor, etc. | American Mathematical Society, |
| Date of publication, distribution, etc. | 2004. |
| 300 ## - PHYSICAL DESCRIPTION | |
| Extent | 615 p. ; |
| Dimensions | 26 cm. |
| 490 1# - SERIES STATEMENT | |
| Series statement | Colloquium publications ; |
| Volume/sequential designation | Vol. 53) (colloquium publications (amer mathematical soc) |
| 700 1# - ADDED ENTRY--PERSONAL NAME | |
| Personal name | Kowalski, Emmanuel. |
| 830 #0 - SERIES ADDED ENTRY--UNIFORM TITLE | |
| Uniform title | Colloquium publications ; |
| 942 ## - ADDED ENTRY ELEMENTS (KOHA) | |
| Institution code [OBSOLETE] | SNS |
| Koha item type | Book |
| Call number prefix | 512.7 IWA |
| Withdrawn status | Lost status | Damaged status | Not for loan | Permanent Location | Current Location | Date acquired | Total Checkouts | Full call number | Barcode | Date last seen | Date last checked out | Price effective from | Koha item type |
|---|---|---|---|---|---|---|---|---|---|---|---|---|---|
| School of Natural Sciences (SNS) | School of Natural Sciences (SNS) | 05/26/2016 | 1 | 512.7 IWA | SNS0001290 | 11/15/2017 | 11/07/2017 | 05/26/2016 | Book |
